Migración y desarrollo: encuentros y desencuentros /

Guardat en:
Dades bibliogràfiques
Autor principal: Fox, Jonathan
Format: Text
Matèries:
Etiquetes: Afegir etiqueta
Sense etiquetes, Sigues el primer a etiquetar aquest registre!

MARC

LEADER 00000 a a2200000 04500
001 4901
003
040
100 |a Fox, Jonathan  
245 |a Migración y desarrollo:   |b encuentros y desencuentros /  |c Jonathan Fox 
650 |a MIGRACION  
650 |a PAISES EN DESAROLLO  
650 |a ORGANIZACIONES POPULARES  
650 |a MEXICO  
773 |g volumen 27, número 1; páginas 2-4  
999 |c 34637  |d 34637